000 00415nam a2200133Ia 4500
005 20260328101444.0
008 260328s9999||||xx |||||||||||||| ||und||
100 _aMolina Montes, Augusto
245 0 _aLa restauración Arquitectónica de Edificios Arqueológicos /
_cAugusto Molina Montes
260 _bInstituto Nacional de Antropología
300 _a85 p.
650 _aCONSERVACIÓN Y RESTAURACIÓN
942 _cBK
999 _c8380
_d8380